Liderazgo educativo en la escuela : nueve miradas.

El libro “Liderazgo educativo en las escuelas: nueve miradas” constituye un acercamiento a los debates que atraviesan el tema del liderazgo educativo hoy en el mundo. Es el producto de la reunión de artículos originales de once autores provenientes de distintos lugares del planeta, que han reflexion...

Full description

Bibliographic Details
Other Authors: Weinstein, José (ed.)
Format: Libro
Language:Spanish
Published: Santiago, Chile : Ediciones Universidad Diego Portales, 2016.
Subjects:
Online Access:Acceso electrónico al documento

MARC

LEADER 00000nam a22000007a 4500
008 200409s2016 cl |||| o|||| 00| 0 spa d
952 |0 0  |1 0  |2 ddc  |4 0  |6 RECURSO_ELECTRONICO  |7 0  |8 BAS  |9 93839  |a BC  |b BC  |c General  |d 2020-05-20  |l 0  |o RECURSO ELECTRONICO  |r 2020-05-20 00:00:00  |w 2020-05-20  |y BK  |A 134  |B LENG 
999 |c 53450  |d 53450 
040 |a UAHC  |c UAHC 
245 |a Liderazgo educativo en la escuela :  |b  nueve miradas.  |c Editor: José Weinstein 
260 |a Santiago, Chile :   |b Ediciones Universidad Diego Portales,  |c 2016. 
300 |a 286 p. 
500 |a Sitio visitado https://liderazgoeducativo.udp.cl/cms/wp-content/uploads/2020/04/Liderazgo-Educativo-en-la-Escuela.-Nueve-miradas.pdf el 20 de mayo de 2020. 
520 |a El libro “Liderazgo educativo en las escuelas: nueve miradas” constituye un acercamiento a los debates que atraviesan el tema del liderazgo educativo hoy en el mundo. Es el producto de la reunión de artículos originales de once autores provenientes de distintos lugares del planeta, que han reflexionado sobre las características del liderazgo educativo en las escuelas. Aspiramos a que un lector interesado en esta problemática –en la que la literatura en castellano suele ser escasa– pueda recorrer comprehensivamente algunos de sus principales puntos de referencia y entender su densidad intelectual. Demás está decir que vemos esta creciente complejidad como una riqueza. De ahí que las nueve aproximaciones que se presentan en este texto permiten iluminar ámbitos del fenómeno del liderazgo que, de lo contrario, quedarían relegados a la penumbra y el silencio.este libro es el primero de una serie sobre liderazgo educativo que publicará el Centro de Desarrollo del Liderazgo educativo (CeDLe) en los próximos cuatro años. Esperamos muy sinceramente que este libro sea de utilidad para los directivos escolares, así como para los programas formativos en liderazgo educativo que hoy se dictan en Chile y en América Latina. 
650 0 |9 11989  |a Liderazgo educacional  |x Investigaciones  |z Chile 
650 0 |9 718  |a Profesores   |x Formación profesional 
700 |9 11988  |a Weinstein, José  |e ed. 
856 |u https://liderazgoeducativo.udp.cl/libros/liderazgo-educativo-en-la-escuela-nueve-miradas/  |y Acceso electrónico al documento 
900 |a Recurso electrónico 
942 |c BK  |2 ddc